ভাষাসংগ্রামের স্মৃতি / (Record no. 13172)
[ view plain ]
| 000 -LEADER | |
|---|---|
| fixed length control field | 00744nam a2200229 a 4500 |
| 001 - CONTROL NUMBER | |
| JCCL Control Number | 13172 |
| 003 - CONTROL NUMBER IDENTIFIER | |
| JCCL marc code | BD-JhCC |
| 005 - DATE AND TIME OF LATEST TRANSACTION | |
| control field | 20230716122543.0 |
| 008 - FIXED-LENGTH DATA ELEMENTS--GENERAL INFORMATION | |
| fixed length control field | 230716s2016 bg |||| |||| 000 0 ben d |
| 020 ## - INTERNATIONAL STANDARD BOOK NUMBER | |
| International Standard Book Number | 9789849125044 |
| 035 ## - SYSTEM CONTROL NUMBER | |
| system control number | (BD-JhCC)13172 |
| 040 ## - CATALOGING SOURCE | |
| Original cataloging agency | BD-JhCC |
| Modifying agency | BD-JhCC |
| 041 ## - LANGUAGE CODE | |
| Language code of Book | ben |
| 082 ## - DEWEY DECIMAL CLASSIFICATION NUMBER | |
| Classification number | 954.92 |
| Author mark and Year | VAS 2016 |
| 245 ## - TITLE STATEMENT | |
| Title | ভাষাসংগ্রামের স্মৃতি / |
| Statement of responsibility, etc | সম্পাদনায় এম আর মাহবুব |
| 260 ## - PUBLICATION, DISTRIBUTION, ETC. (IMPRINT) | |
| Place of publication, distribution, etc | ঢাকা : |
| Name of publisher, distributor, etc | নালন্দা, |
| Date of publication, distribution, etc | ২০১৬ |
| 300 ## - PHYSICAL DESCRIPTION | |
| Pagination | ৩৬৮ পৃ. : |
| Dimensions | ২১ সে.মি. |
| 650 ## - SUBJECT ADDED ENTRY--TOPICAL TERM | |
| Topical term or geographic name as entry element | liberation war |
| Geographic subdivision | Bangladesh |
| 650 ## - SUBJECT ADDED ENTRY--TOPICAL TERM | |
| Topical term or geographic name as entry element | Language movement |
| 700 ## - ADDED ENTRY--PERSONAL NAME | |
| Personal name | মাহবুব, এম আর |
| 942 ## - ADDED ENTRY ELEMENTS (KOHA) | |
| Source of classification or shelving scheme | Dewey Decimal Classification |
| Koha item type | Books |
| Source of classification or shelving scheme | Damaged status | Not for loan | Home library | Current library | Shelving location | Date of accession | Cost, normal purchase price | Total Checkouts | Full call number | Barcode | Date last seen | Copy number | Method of acquisition | Koha item type | Currency |
|---|---|---|---|---|---|---|---|---|---|---|---|---|---|---|---|
| Dewey Decimal Classification | JCC Rouf Library | JCC Rouf Library | General Stacks | 06/23/2023 | 375.00 | 954.92 VAS 2016 | 18014 | 07/16/2023 | C-1 | Purchase | Books | BDT |